000 01445nam a2200301 4500
001 0000023921
003 CO-CtgCURN
005 20251001222523.0
008 160627s2013 000 0 eng d
020 _a9789588755618
040 _aCO-CtgCURN
_bspa
_ccoctgcurn
082 0 _a343.0143
_bH493
100 1 _aHenao Toro, Consuelo Amparo.
245 1 3 _aLa justicia penal militar colombiana y los principios procesales constitucionales de independencia e imparcialidad, despues de la separacion de la funcion de jurisdicción con la funcion de comando /
_cIngrid Regina Petro González, Consuelo Amparo Henao Toro, Felipe Andres Marin Pinto.
260 _aPereira :
_bUniversidad Libre,
_c2013.
300 _a245 p.
336 _2rdacontent
337 _2rdamedia
_asin mediacion
_bn
338 _2rdacarrier
_avolumen
_bnc
500 _aIncluye glosario, anexos, una lista de figuras.
504 _aIncluye bibliografia.
505 8 _aIntroducción -- Planteamiento del problema -- Marco teorico -- La justicia penal militar en Colombia -- Principio de independencia -- Principio de imparcialidad -- Cumplimiento de los principios procesales constitucionales -- resultados y discusion de resultados
650 0 _aDerecho militar
_zColombia.
700 1 _aMarin Pinto, Felipe Andres.
908 _a160627
942 _cBK
_h343.0143
_iH493
_2ddc
999 _c50161
_d50161
_x1